[Event "BPB Limburg open B"]
[Site "Maastricht"]
[Date "2015.05.24"]
[Round "4"]
[White "Reichardt, Robin"]
[Black "Meul, Willi"]
[Result "0-1"]
[WhiteElo "1707"]
[BlackElo "1831"]
[PlyCount "106"]
[EventDate "2015.05.22"]
[EventType "swiss"]
[EventRounds "7"]
[EventCountry "NED"]
[Source "P.Boonen"]
[SourceDate "2015.10.01"]

1. d4 Nf6 2. Nf3 g6 3. c4 Bg7 4. Nc3 d5 5. cxd5 Nxd5 6. e4 Nxc3 7. bxc3 c5 8.
Bb5+ Bd7 9. Bxd7+ Qxd7 10. Bb2 O-O 11. O-O e6 12. Rc1 cxd4 13. cxd4 Nc6 14. Qd3
Rfd8 15. Rfd1 Rac8 16. h3 Ne7 17. Qb3 Rxc1 18. Rxc1 Rc8 19. Rxc8+ Nxc8 20. Kf1
Nd6 21. e5 Qb5+ 22. Qxb5 Nxb5 23. Ke2 Nc7 24. Nd2 b5 25. Ne4 Bf8 26. g3 Be7 27.
Nd6 Kf8 28. Nc8 a6 29. Nxe7 Kxe7 30. Ba3+ Kd7 31. Kd3 Kc6 32. Bc5 a5 33. a3 Na6
34. Bd6 Kd5 35. f3 b4 36. axb4 Nxb4+ 37. Kc3 Nc6 38. Bc7 a4 39. Bb6 a3 40. f4
a2 41. Kb2 Nxd4 42. Kxa2 Ne2 43. Bf2 Ke4 44. Kb3 Kf3 45. Be1 Nxg3 46. Bd2 Ne2
47. Kc4 Nxf4 48. Kc5 Nxh3 49. Kd6 Kg4 50. Ke7 Ng5 51. Kf6 Ne4+ 52. Kxf7 Nxd2
53. Kxe6 Nf3 0-1

[Event "BPB Limburg open B"]
[Site "Maastricht"]
[Date "2015.05.24"]
[Round "4"]
[White "Rietveld, Leo"]
[Black "Hoefken, Tom"]
[Result "1/2-1/2"]
[WhiteElo "1998"]
[BlackElo "1878"]
[PlyCount "34"]
[EventDate "2015.05.22"]
[EventType "swiss"]
[EventRounds "7"]
[EventCountry "NED"]
[Source "P.Boonen"]
[SourceDate "2015.10.01"]

1. e4 c5 2. Nc3 Nc6 3. f4 d6 4. Nf3 g6 5. a3 Bg7 6. Bc4 Nf6 7. e5 dxe5 8. fxe5
Ng4 9. e6 fxe6 10. O-O Bd4+ 11. Kh1 Nf2+ 12. Rxf2 Bxf2 13. Qe2 Bd4 14. d3 Bg7
15. Ng5 Ne5 16. Bb5+ Nc6 17. Bc4 Ne5 1/2-1/2

[Event "BPB Limburg open B"]
[Site "Maastricht"]
[Date "2015.05.24"]
[Round "4"]
[White "Roufs, Gerard"]
[Black "Boschmans, Jos"]
[Result "1/2-1/2"]
[WhiteElo "1986"]
[BlackElo "1853"]
[PlyCount "98"]
[EventDate "2015.05.22"]
[EventType "swiss"]
[EventRounds "7"]
[EventCountry "NED"]
[Source "P.Boonen"]
[SourceDate "2015.10.01"]

1. d4 d5 2. c4 c6 3. Nc3 Nf6 4. e3 e6 5. Nf3 Nbd7 6. b3 Bd6 7. Bb2 O-O 8. Be2
a5 9. O-O Ne4 10. Qc2 f5 11. Nxe4 fxe4 12. Ne5 Bxe5 13. dxe5 Qg5 14. Qc3 Rf5
15. f4 exf3 16. Rxf3 Rxf3 17. Bxf3 Nf8 18. e4 dxc4 19. Qxc4 Ng6 20. Qc3 a4 21.
Rd1 axb3 22. axb3 h6 23. Qd2 Ra2 24. Qxg5 hxg5 25. Rd8+ Kh7 26. Bc3 Ra8 27. Bg4
b6 28. Bxe6 Bb7 29. Rxa8 Bxa8 30. Bf5 Kh6 31. e6 c5 32. Kf2 Nh4 33. g3 Nxf5 34.
exf5 g4 35. Bd2+ g5 36. Bc3 Bd5 37. e7 Bc6 38. Ke3 Kh7 39. b4 cxb4 40. Bxb4 Kg7
41. Bc3+ Kf7 42. f6 Ke6 43. Kd3 Bb5+ 44. Kc2 Bc6 45. Kb3 Bd7 46. Bd4 Bc6 47.
Bxb6 Kxf6 48. Bc5 Ke5 49. Kb4 Ke6 1/2-1/2

[Event "BPB Limburg open B"]
[Site "Maastricht"]
[Date "2015.05.24"]
[Round "4"]
[White "Rutten, David"]
[Black "De Feijter, Bas"]
[Result "0-1"]
[WhiteElo "1826"]
[BlackElo "2007"]
[PlyCount "54"]
[EventDate "2015.05.22"]
[EventType "swiss"]
[EventRounds "7"]
[EventCountry "NED"]
[Source "P.Boonen"]
[SourceDate "2015.10.01"]

1. d4 d5 2. Nf3 Nf6 3. e3 Bf5 4. c4 c6 5. Nc3 e6 6. Nh4 Be4 7. f3 Bg6 8. Nxg6
hxg6 9. g3 Bd6 10. Bg2 Rxh2 11. Kf2 Rxh1 12. Qxh1 Qc7 13. Qh3 Nbd7 14. cxd5
exd5 15. e4 dxe4 16. fxe4 Qb6 17. Ne2 O-O-O 18. Be3 Qxb2 19. Rc1 Kb8 20. e5
Bxe5 21. dxe5 Nxe5 22. Bf4 g5 23. Bxe5+ Qxe5 24. Rc4 Re8 25. Bf1 Qe3+ 26. Kg2
g4 27. Qh4 Ne4 0-1

[Event "BPB Limburg open B"]
[Site "Maastricht"]
[Date "2015.05.24"]
[Round "4"]
[White "Schleipfenbauer, Bent"]
[Black "Kuijpers, Domien"]
[Result "0-1"]
[WhiteElo "2030"]
[BlackElo "1830"]
[PlyCount "80"]
[EventDate "2015.05.22"]
[EventType "swiss"]
[EventRounds "7"]
[EventCountry "NED"]
[Source "P.Boonen"]
[SourceDate "2015.10.01"]

1. c4 e6 2. Nc3 d5 3. cxd5 exd5 4. d4 Nf6 5. g3 c6 6. Bg2 Be7 7. Nf3 O-O 8. O-O
Re8 9. Qc2 Bg4 10. e3 Nbd7 11. a3 Rc8 12. b3 Bh5 13. Bb2 Bg6 14. Qe2 Ne4 15.
Rac1 a6 16. Ne1 Bd6 17. Nd3 Qe7 18. b4 Nb6 19. Nc5 Nxc3 20. Rxc3 Rb8 21. Rfc1
Nd7 22. h4 Nf6 23. Bh3 h5 24. Bg2 Bf5 25. a4 g6 26. b5 axb5 27. axb5 Ra8 28.
Ba3 b6 29. bxc6 bxc5 30. Bxc5 Rec8 31. Bxd6 Qxd6 32. Qb5 Rc7 33. Rc5 Be6 34.
Bf3 Rac8 35. Qb6 Ne4 36. Bxe4 dxe4 37. Qb5 Bg4 38. d5 Qf6 39. Qb4 Qf3 40. Qe1
Bh3 0-1

[Event "BPB Limburg open B"]
[Site "Maastricht"]
[Date "2015.05.24"]
[Round "4"]
[White "Schubert, Karl"]
[Black "Porteman, Eric"]
[Result "1/2-1/2"]
[WhiteElo "1952"]
[BlackElo "1923"]
[PlyCount "87"]
[EventDate "2015.05.22"]
[EventType "swiss"]
[EventRounds "7"]
[EventCountry "NED"]
[Source "P.Boonen"]
[SourceDate "2015.10.01"]

1. d4 Nf6 2. Nf3 c5 3. g3 b6 4. Bg2 Bb7 5. O-O e6 6. b3 Be7 7. Bb2 O-O 8. Nbd2
d6 9. c4 Nc6 10. e3 Qc7 11. a3 Rad8 12. Qe2 d5 13. Rfd1 Ba6 14. Rac1 Ne4 15.
Nxe4 dxe4 16. Ne5 f5 17. Nxc6 Qxc6 18. f3 Bb7 19. fxe4 fxe4 20. Bc3 Bg5 21. Rc2
Rf3 22. Bxf3 exf3 23. Qf2 Bxe3 24. Qxe3 f2+ 25. Kxf2 Qg2+ 26. Ke1 Qxc2 27. Rd2
Qb1+ 28. Rd1 Qf5 29. d5 exd5 30. Bxg7 Qf7 31. Be5 Re8 32. Rd2 Qf5 33. Re2 d4
34. Qf4 Qb1+ 35. Kd2 Qb2+ 36. Ke1 Qc3+ 37. Rd2 Qe3+ 38. Re2 Qc3+ 39. Rd2 Qe3+
40. Re2 Qg1+ 41. Kd2 Qb1 42. Qg5+ Qg6 43. Qxg6+ hxg6 44. Bf4 1/2-1/2

[Event "BPB Limburg open B"]
[Site "Maastricht"]
[Date "2015.05.24"]
[Round "4"]
[White "Sofic, Narcis"]
[Black "Bishoen, B."]
[Result "1-0"]
[WhiteElo "1941"]
[BlackElo "1932"]
[PlyCount "149"]
[EventDate "2015.05.22"]
[EventType "swiss"]
[EventRounds "7"]
[EventCountry "NED"]
[Source "P.Boonen"]
[SourceDate "2015.10.01"]

1. g3 d5 2. Bg2 c5 3. c4 e6 4. cxd5 exd5 5. d4 Nc6 6. Nf3 Bd6 7. Nc3 Nge7 8.
O-O O-O 9. Nb5 c4 10. Nxd6 Qxd6 11. Bf4 Qb4 12. Qd2 Qxd2 13. Bxd2 Bg4 14. e3 a5
15. h3 Bf5 16. a3 b5 17. Rfc1 f6 18. Ne1 Be4 19. Kf1 Bxg2+ 20. Nxg2 Kf7 21. Nf4
g5 22. Ne2 Ke6 23. Nc3 Rab8 24. Ke2 Nf5 25. Rf1 Rb7 26. g4 Nd6 27. f4 Ne4 28.
Nxe4 dxe4 29. fxg5 f5 30. Rf4 Rbf7 31. Raf1 fxg4 32. Rxe4+ Kd5 33. Rxf7 Rxf7
34. Rxg4 b4 35. g6 hxg6 36. Rg5+ Rf5 37. Rxf5+ gxf5 38. axb4 axb4 39. Kf3 b3
40. h4 Ke6 41. h5 Kf6 42. Kf4 Ne7 43. e4 fxe4 44. Kxe4 Nf5 45. Kd5 Ng3 46. Kxc4
Nxh5 47. Kxb3 Ke6 48. Kc4 Nf6 49. b4 Kd6 50. Bf4+ Kc6 51. b5+ Kb6 52. Bd6 Nd7
53. Bc5+ Kc7 54. b6+ Kc6 55. d5+ Kb7 56. Kd4 Ka6 57. Kc4 Kb7 58. Kb5 Ne5 59.
Bd6 Nd7 60. Bc7 Nf6 61. Kc5 Ne4+ 62. Kd4 Nf6 63. Ke5 Nd7+ 64. Ke6 Nc5+ 65. Ke7
Kc8 66. d6 Kb7 67. d7 Nxd7 68. Kxd7 Ka8 69. Kd6 Kb7 70. Kc5 Ka8 71. Bd8 Kb7 72.
Bh4 Ka8 73. Kc6 Kb8 74. Bg3+ Ka8 75. b7+ 1-0

[Event "BPB Limburg open B"]
[Site "Maastricht"]
[Date "2015.05.24"]
[Round "4"]
[White "Stuch, Hans Ferdinand"]
[Black "Van Houtte, Randy"]
[Result "0-1"]
[WhiteElo "1767"]
[BlackElo "1956"]
[PlyCount "36"]
[EventDate "2015.05.22"]
[EventType "swiss"]
[EventRounds "7"]
[EventCountry "NED"]
[Source "P.Boonen"]
[SourceDate "2015.10.01"]

1. Nf3 g6 2. e4 Bg7 3. d4 c5 4. Bc4 cxd4 5. Nxd4 Nc6 6. Nxc6 bxc6 7. Qf3 e6 8.
O-O d5 9. exd5 cxd5 10. Nc3 Ne7 11. Bb5+ Bd7 12. Bxd7+ Qxd7 13. Bg5 Nf5 14.
Rfd1 O-O 15. Ne4 dxe4 16. Qxe4 Qb5 17. g4 Nd6 18. Bh4 Nxe4 0-1

[Event "BPB Limburg open B"]
[Site "Maastricht"]
[Date "2015.05.24"]
[Round "4"]
[White "Valenta, Richard"]
[Black "Perdomo Araujo, Angel Eduardo"]
[Result "0-1"]
[WhiteElo "1810"]
[BlackElo "1979"]
[PlyCount "114"]
[EventDate "2015.05.22"]
[EventType "swiss"]
[EventRounds "7"]
[EventCountry "NED"]
[Source "P.Boonen"]
[SourceDate "2015.10.01"]

1. f4 Nf6 2. Nf3 d5 3. b3 c5 4. Bb2 Nc6 5. e3 g6 6. Bb5 a6 7. Bxc6+ bxc6 8. d3
Bg7 9. Nbd2 Qb6 10. Qe2 a5 11. a4 Ba6 12. O-O O-O 13. Kh1 Rad8 14. Rfe1 Ne4 15.
Bxg7 Kxg7 16. g4 f6 17. Qg2 Nxd2 18. Nxd2 Qb4 19. Nf3 Qc3 20. h4 e5 21. fxe5
fxe5 22. Ng5 Bc8 23. Rf1 h6 24. Rxf8 Rxf8 25. Rf1 Rxf1+ 26. Qxf1 hxg5 27. hxg5
Bxg4 28. Qf6+ Kg8 29. Qxg6+ Kf8 30. Qf6+ Ke8 31. Qxc6+ Ke7 32. Qb7+ Bd7 33.
Qxd5 Qe1+ 34. Kg2 Qe2+ 35. Kh1 Qh5+ 36. Kg1 Qxg5+ 37. Kf2 Qh4+ 38. Ke2 Bg4+ 39.
Kd2 Qf2+ 40. Kc3 Qxe3 41. Qb7+ Bd7 42. Qc7 Qd4+ 43. Kd2 e4 44. Qf4 Qb4+ 45. c3
Qxb3 46. Qxe4+ Qe6 47. Qh4+ Kd6 48. Qf4+ Kc6 49. c4 Kb7 50. Kc3 Bxa4 51. Qd2
Qe5+ 52. d4 Qg3+ 53. Qd3 Qe1+ 54. Kb2 Qb4+ 55. Kc1 Qe1+ 56. Kb2 Qf2+ 57. Kc3
cxd4+ 0-1

[Event "BPB Limburg open B"]
[Site "Maastricht"]
[Date "2015.05.24"]
[Round "4"]
[White "Van Dael, Siem"]
[Black "Iov, Dmitrii"]
[Result "1/2-1/2"]
[WhiteElo "1813"]
[BlackElo "1916"]
[PlyCount "142"]
[EventDate "2015.05.22"]
[EventType "swiss"]
[EventRounds "7"]
[EventCountry "NED"]
[Source "P.Boonen"]
[SourceDate "2015.10.01"]

1. e4 c6 2. d4 d5 3. Nc3 dxe4 4. Nxe4 Nf6 5. Nxf6+ exf6 6. c3 Bd6 7. Bd3 O-O 8.
Nf3 Re8+ 9. Be3 Bg4 10. O-O Qc7 11. Kh1 Bxh2 12. Bxh7+ Kxh7 13. Qd3+ g6 14.
Nxh2 Bf5 15. Qd2 Rh8 16. g3 Kg7 17. Bf4 Qd7 18. f3 g5 19. Be3 Na6 20. g4 Bg6
21. Kg2 Nc7 22. Bf2 Ne6 23. Bg3 Rad8 24. Rad1 Qd5 25. b4 b6 26. Rf2 Rd7 27. Nf1
Qb5 28. Ne3 Qa6 29. Qb2 Nf4+ 30. Bxf4 gxf4 31. Nf1 Qb5 32. Qd2 Qg5 33. Kg1 Rh3
34. Qe2 Rd8 35. Rh2 Rdh8 36. Rxh3 Rxh3 37. Qg2 Qh4 38. Rd2 Kh6 39. c4 f5 40. d5
cxd5 41. g5+ Qxg5 42. cxd5 Rh5 43. Qxg5+ Kxg5 44. d6 Rh8 45. d7 Rd8 46. Rd6 Kh6
47. a4 Kg7 48. a5 bxa5 49. bxa5 Kf8 50. Rd4 Ke7 51. Rxf4 Rxd7 52. Rb4 Kd6 53.
a6 Kc5 54. Rb7 Kc6 55. Rb4 f4 56. Rxf4 Bd3 57. Rf6+ Kb5 58. Ne3 Ka5 59. Ng4 Re7
60. Nh6 Bg6 61. Ng4 Re6 62. Rxe6 fxe6 63. Ne5 Bf5 64. Kf2 Kxa6 65. Ke2 Kb5 66.
Kd2 Ka4 67. Kc1 a5 68. Kb2 Kb4 69. Nc6+ Kb5 70. Nd4+ Kc5 71. Nxe6+ Bxe6 1/2-1/2

[Event "BPB Limburg open B"]
[Site "Maastricht"]
[Date "2015.05.24"]
[Round "4"]
[White "Van Dongen, Eric"]
[Black "Van Loy, Rick"]
[Result "1/2-1/2"]
[WhiteElo "1813"]
[BlackElo "1966"]
[PlyCount "27"]
[EventDate "2015.05.22"]
[EventType "swiss"]
[EventRounds "7"]
[EventCountry "NED"]
[Source "P.Boonen"]
[SourceDate "2015.10.01"]

1. c4 e5 2. Nc3 Nf6 3. g3 Bb4 4. Bg2 Nc6 5. d3 O-O 6. Nf3 d6 7. Bd2 h6 8. O-O
Be6 9. b3 a5 10. Qc2 Qd7 11. e3 Bh3 12. a3 Bxg2 13. Kxg2 Bc5 14. Ne2 1/2-1/2

[Event "BPB Limburg open B"]
[Site "Maastricht"]
[Date "2015.05.24"]
[Round "4"]
[White "Van Foreest, Pieter"]
[Black "Mienis, Dennis"]
[Result "0-1"]
[WhiteElo "1825"]
[BlackElo "1880"]
[PlyCount "70"]
[EventDate "2015.05.22"]
[EventType "swiss"]
[EventRounds "7"]
[EventCountry "NED"]
[Source "P.Boonen"]
[SourceDate "2015.10.01"]

1. e4 c6 2. d4 d5 3. Nc3 dxe4 4. Nxe4 Bf5 5. Ng3 Bg6 6. Nf3 Nd7 7. Bc4 e6 8.
O-O Ngf6 9. Re1 Be7 10. Bf4 O-O 11. Qd2 Nd5 12. Bxd5 cxd5 13. Rac1 Rc8 14. Ne5
Nxe5 15. Bxe5 Bg5 16. Bf4 Bxf4 17. Qxf4 Rxc2 18. Rxc2 Bxc2 19. Rc1 Bd3 20. h3
Qa5 21. a3 Qb6 22. b4 a5 23. bxa5 Qxa5 24. Rc7 b5 25. Qe5 g6 26. h4 Qxa3 27. h5
Bc4 28. hxg6 Qc1+ 29. Kh2 Qh6+ 30. Kg1 hxg6 31. Qf6 b4 32. f4 b3 33. Rb7 Qg7
34. Qh4 Qxd4+ 35. Kh2 Qh8 0-1

[Event "BPB Limburg open B"]
[Site "Maastricht"]
[Date "2015.05.24"]
[Round "4"]
[White "Van Ginneken, Jos"]
[Black "Karstens, Lex"]
[Result "0-1"]
[WhiteElo "1678"]
[BlackElo "1852"]
[PlyCount "50"]
[EventDate "2015.05.22"]
[EventType "swiss"]
[EventRounds "7"]
[EventCountry "NED"]
[Source "P.Boonen"]
[SourceDate "2015.10.01"]

1. e4 c6 2. d3 d5 3. Nd2 e5 4. Ngf3 Bd6 5. Be2 Ne7 6. O-O O-O 7. d4 f6 8. c4
exd4 9. Nxd4 c5 10. N4f3 d4 11. Re1 Nbc6 12. h3 Ng6 13. Nf1 Be6 14. b3 Qd7 15.
N3h2 Bf4 16. Bg4 Bxg4 17. Qxg4 Qxg4 18. Nxg4 Bxc1 19. Raxc1 Nf4 20. Rcd1 Rfe8
21. Kh2 h5 22. Kg3 Ng6 23. Ngh2 h4+ 24. Kg4 Nce5+ 25. Kf5 Ne7+ 0-1

[Event "BPB Limburg open B"]
[Site "Maastricht"]
[Date "2015.05.24"]
[Round "4"]
[White "Van de Griend, Johan"]
[Black "Persoons, Bart"]
[Result "1/2-1/2"]
[WhiteElo "1907"]
[BlackElo "1759"]
[PlyCount "41"]
[EventDate "2015.05.22"]
[EventType "swiss"]
[EventRounds "7"]
[EventCountry "NED"]
[Source "P.Boonen"]
[SourceDate "2015.10.01"]

1. e4 c6 2. Nf3 d5 3. Nc3 Bg4 4. h3 Bxf3 5. Qxf3 e6 6. exd5 cxd5 7. Bb5+ Nc6 8.
O-O Nf6 9. d4 Rc8 10. Bg5 Be7 11. Rfe1 O-O 12. Rad1 a6 13. Bxc6 Rxc6 14. Rd3 b5
15. a3 Qc7 16. Bf4 Bd6 17. Be5 Bxe5 18. dxe5 Ne4 19. Nxe4 dxe4 20. Qxe4 Rxc2
21. Rd6 1/2-1/2

[Event "BPB Limburg open B"]
[Site "Maastricht"]
[Date "2015.05.24"]
[Round "4"]
[White "Veldhuysen, Klaas"]
[Black "Blijlevens, Pim"]
[Result "1/2-1/2"]
[WhiteElo "1959"]
[BlackElo "1943"]
[PlyCount "79"]
[EventDate "2015.05.22"]
[EventType "swiss"]
[EventRounds "7"]
[EventCountry "NED"]
[Source "P.Boonen"]
[SourceDate "2015.10.01"]

1. e4 e6 2. d4 d5 3. exd5 exd5 4. Nf3 Nc6 5. c4 Bb4+ 6. Nc3 Bg4 7. Be2 Nge7 8.
O-O O-O 9. a3 Bxc3 10. bxc3 Re8 11. Bd2 Na5 12. cxd5 Qxd5 13. Bf4 c5 14. h3 Bf5
15. Bb5 Nac6 16. Qa4 a6 17. Bxc6 Nxc6 18. Ne5 b5 19. Qd1 Nxe5 20. dxe5 Qc4 21.
Qf3 Be4 22. Qe3 Rad8 23. Rfd1 Bd3 24. Rac1 Rd7 25. Bg3 Red8 26. Kh2 h6 27. h4
Bg6 28. Rd6 Bf5 29. Rcd1 a5 30. R1d5 Rxd6 31. Rxd6 Rc8 32. Qd2 b4 33. cxb4 axb4
34. axb4 Qxb4 35. Rd8+ Kh7 36. Rxc8 Bxc8 37. Qd3+ g6 38. Qd6 Be6 39. Qf8 Qd4
40. Qd6 1/2-1/2

[Event "BPB Limburg open B"]
[Site "Maastricht"]
[Date "2015.05.24"]
[Round "4"]
[White "Verhoef, Ruud"]
[Black "Visse, Bernard"]
[Result "1-0"]
[WhiteElo "1897"]
[BlackElo "1723"]
[PlyCount "138"]
[EventDate "2015.05.22"]
[EventType "swiss"]
[EventRounds "7"]
[EventCountry "NED"]
[Source "P.Boonen"]
[SourceDate "2015.10.01"]

1. e4 c5 2. Nc3 a6 3. g3 Nc6 4. Bg2 g6 5. d3 Bg7 6. f4 d6 7. Nf3 Rb8 8. O-O Nf6
9. h3 b5 10. Be3 Nd7 11. Qd2 O-O 12. f5 Nde5 13. Bh6 Nxf3+ 14. Bxf3 Ne5 15.
Bxg7 Nxf3+ 16. Rxf3 Kxg7 17. Raf1 f6 18. Kh2 g5 19. Nd5 Bd7 20. a3 a5 21. c3 b4
22. axb4 axb4 23. c4 Ra8 24. Rb1 Kf7 25. d4 Bc6 26. dxc5 dxc5 27. Rff1 Qb8 28.
Qe3 Bxd5 29. exd5 Qd6 30. Rfe1 Ra7 31. Qe6+ Qxe6 32. Rxe6 Rc8 33. Rbe1 Rcc7 34.
Kg2 Ra2 35. R1e2 Ra1 36. Rb6 Rc1 37. b3 Rc3 38. Rb2 h5 39. Re6 Rd3 40. Kf2 h4
41. Re3 Rxe3 42. Kxe3 hxg3 43. Kf3 Ra7 44. Kxg3 Ra1 45. Re2 Rd1 46. Re3 Ke8 47.
Kg2 Kd7 48. Kf2 Rd4 49. Ke2 Rf4 50. Rf3 Kd6 51. Rxf4 gxf4 52. Kf2 Ke5 53. Kf3
Kxf5 54. h4 Ke5 55. h5 Kf5 56. h6 Kg6 57. Kxf4 Kxh6 58. Kf5 Kg7 59. Ke6 Kf8 60.
d6 exd6 61. Kxd6 f5 62. Kxc5 Ke7 63. Kxb4 Kd6 64. Kc3 Ke5 65. Kd2 Kd4 66. Ke2
Ke4 67. Kf2 f4 68. b4 Kd4 69. c5 Ke4 1-0

[Event "BPB Limburg open B"]
[Site "Maastricht"]
[Date "2015.05.24"]
[Round "4"]
[White "Willen, Ronny"]
[Black "Zyla, Lennert"]
[Result "0-1"]
[WhiteElo "1873"]
[BlackElo "1805"]
[PlyCount "80"]
[EventDate "2015.05.22"]
[EventType "swiss"]
[EventRounds "7"]
[EventCountry "NED"]
[Source "P.Boonen"]
[SourceDate "2015.10.01"]

1. e4 c5 2. Nf3 e6 3. d4 cxd4 4. Nxd4 a6 5. Nc3 b5 6. a3 Bb7 7. Be3 Nf6 8. Bd3
d5 9. e5 Nfd7 10. f4 Be7 11. O-O O-O 12. Qg4 Nc6 13. Rf3 Nxd4 14. Bxd4 Bc5 15.
Ne2 f5 16. exf6 Qxf6 17. c3 Bxd4+ 18. cxd4 Qe7 19. Rh3 Nf6 20. Qh4 g6 21. Rf1
Bc8 22. Rg3 Kg7 23. Rg5 Ra7 24. Ng3 Qd8 25. f5 exf5 26. Bxf5 Raf7 27. Bxc8 Qxc8
28. Nf5+ Kh8 29. Nd6 Ne4 30. Nxf7+ Rxf7 31. Rxf7 Qc1+ 32. Rf1 Qe3+ 33. Kh1 Nxg5
34. Qf4 Qxf4 35. Rxf4 Ne6 36. Rf6 Nxd4 37. Rd6 Nf5 38. Rxd5 Ne3 39. Rd6 Nc4 40.
b3 Nxd6 0-1

[Event "BPB Limburg open B"]
[Site "Maastricht"]
[Date "2015.05.24"]
[Round "4"]
[White "Wlogalski, Olivier"]
[Black "Dardha, Daniel"]
[Result "1-0"]
[WhiteElo "1892"]
[BlackElo "1874"]
[PlyCount "75"]
[EventDate "2015.05.22"]
[EventType "swiss"]
[EventRounds "7"]
[EventCountry "NED"]
[Source "P.Boonen"]
[SourceDate "2015.10.01"]

1. d4 Nf6 2. c4 e6 3. Nf3 b6 4. g3 Bb7 5. Bg2 g6 6. O-O Bg7 7. Nc3 Ne4 8. Qc2
f5 9. b3 O-O 10. Bb2 d5 11. cxd5 exd5 12. Ne5 Qe7 13. Rac1 Na6 14. Nxe4 fxe4
15. Nc6 Qd6 16. a3 Rf6 17. Ne5 c5 18. dxc5 bxc5 19. Ng4 Rf7 20. Bxg7 Kxg7 21.
Rcd1 Qe6 22. Ne3 d4 23. Nc4 Raf8 24. b4 Bd5 25. Na5 cxb4 26. axb4 Qb6 27. Qb2
Qxb4 28. Qxd4+ Qxd4 29. Rxd4 Rf5 30. Nc4 Nc5 31. Ne3 Bb7 32. Nxf5+ gxf5 33. Rc1
Nb3 34. Rc7+ Kf6 35. Rdd7 Bc8 36. Rd6+ Kg5 37. h4+ Kh5 38. Rxh7+ 1-0

[Event "BPB Limburg open B"]
[Site "Maastricht"]
[Date "2015.05.24"]
[Round "5"]
[White "Alexopoulos, Spiros"]
[Black "Koelmans, Jan Willem"]
[Result "0-1"]
[WhiteElo "1953"]
[BlackElo "1905"]
[PlyCount "104"]
[EventDate "2015.05.22"]
[EventType "swiss"]
[EventRounds "7"]
[EventCountry "NED"]
[Source "P.Boonen"]
[SourceDate "2015.10.01"]

1. c4 c6 2. g3 d5 3. Bg2 Nf6 4. Nf3 Bf5 5. O-O e6 6. b3 Be7 7. Bb2 Nbd7 8. d3
h6 9. Nbd2 O-O 10. h3 a5 11. Nh4 Bh7 12. e4 Nc5 13. Qe2 dxe4 14. dxe4 Qd3 15.
Qxd3 Nxd3 16. Bc3 Rfd8 17. f4 Nh5 18. Kh2 Bxh4 19. gxh4 Nhxf4 20. Bf3 e5 21.
Rad1 f6 22. Rg1 b5 23. Kg3 b4 24. Ba1 Nc5 25. Rge1 Rd3 26. Nf1 Nxe4+ 27. Rxe4
Bxe4 28. Rxd3 Bxd3 29. Ne3 Ne2+ 30. Kf2 Nd4 31. Bxd4 exd4 32. Bxc6 Ra7 33. Nd5
Bb1 34. Ke2 f5 35. Bb5 Be4 36. h5 Kf7 37. h4 Ke6 38. Nf4+ Kd6 39. Kd2 Ra8 40.
Ng6 f4 41. Nxf4 Rf8 42. Nd3 Bxd3 43. Kxd3 Kc5 44. Bd7 Rf4 45. Be8 Rxh4 46. Bg6
Rh2 47. Be8 Rxa2 48. Bb5 Rh2 49. Be8 Rh3+ 50. Kc2 Rc3+ 51. Kb2 d3 52. Bg6 Kd4
0-1

[Event "BPB Limburg open B"]
[Site "Maastricht"]
[Date "2015.05.24"]
[Round "5"]
[White "Behr, Rene"]
[Black "Holwijn, Melvin"]
[Result "0-1"]
[WhiteElo "1881"]
[BlackElo "1927"]
[PlyCount "68"]
[EventDate "2015.05.22"]
[EventType "swiss"]
[EventRounds "7"]
[EventCountry "NED"]
[Source "P.Boonen"]
[SourceDate "2015.10.01"]

1. c4 e6 2. Nf3 f5 3. d4 Nf6 4. Bg5 b6 5. Nc3 Bb7 6. d5 Bd6 7. Nd4 Bb4 8. dxe6
O-O 9. Nxf5 Bxc3+ 10. bxc3 dxe6 11. Nh6+ gxh6 12. Qxd8 Rxd8 13. Bxf6 Rf8 14.
Be5 Na6 15. f3 Rf5 16. f4 Rd8 17. Rd1 Rxd1+ 18. Kxd1 Rf7 19. Rg1 Rd7+ 20. Kc1
Nc5 21. g4 Ba6 22. Rg3 Bxc4 23. Rh3 Bxa2 24. Rxh6 Bc4 25. g5 Nb3+ 26. Kc2 Rd2+
27. Kb1 Rd1+ 28. Kb2 Rxf1 29. g6 hxg6 30. Rxg6+ Kf8 31. Rg7 Rf2 32. Rxc7 Rxe2+
33. Ka3 Na5 34. Rxa7 Ra2+ 0-1

[Event "BPB Limburg open B"]
[Site "Maastricht"]
[Date "2015.05.24"]
[Round "5"]
[White "Bekedam, Tyro"]
[Black "Decruyenaere, Robbert"]
[Result "1-0"]
[WhiteElo "1879"]
[BlackElo "1697"]
[PlyCount "83"]
[EventDate "2015.05.22"]
[EventType "swiss"]
[EventRounds "7"]
[EventCountry "NED"]
[Source "P.Boonen"]
[SourceDate "2015.10.01"]

1. e4 e6 2. d4 d5 3. Nc3 Nf6 4. Bg5 Bb4 5. e5 h6 6. Bd2 Bxc3 7. bxc3 Ne4 8. Bd3
Nxd2 9. Qxd2 c5 10. f4 Nc6 11. Nf3 c4 12. Be2 b5 13. O-O Bd7 14. Rfb1 Rb8 15.
Rb2 O-O 16. Rab1 Qe7 17. Qe1 a5 18. Rxb5 Rxb5 19. Rxb5 Nxe5 20. Rxa5 Nxf3+ 21.
Bxf3 Qd6 22. Ra7 Rb8 23. Qe5 Rb1+ 24. Kf2 Qc6 25. Ke2 f6 26. Qe3 Be8 27. f5 Bf7
28. Bg4 Rb6 29. a4 Qe8 30. a5 Rd6 31. a6 Rc6 32. Kd2 Rb6 33. Qg3 exf5 34. Bh5
g6 35. Bxg6 Bxg6 36. Qc7 Bf7 37. Qxb6 f4 38. Ra8 Qxa8 39. a7 Kg7 40. Qb8 Qc6
41. a8=Q Qe6 42. Qxf4 1-0

[Event "BPB Limburg open B"]
[Site "Maastricht"]
[Date "2015.05.24"]
[Round "5"]
[White "Beukema, Jasper"]
[Black "Heijenrath, Jan"]
[Result "1-0"]
[WhiteElo "1933"]
[BlackElo "1740"]
[PlyCount "109"]
[EventDate "2015.05.22"]
[EventType "swiss"]
[EventRounds "7"]
[EventCountry "NED"]
[Source "P.Boonen"]
[SourceDate "2015.10.01"]

1. e4 e5 2. Nf3 Nc6 3. Bb5 a6 4. Ba4 Nf6 5. O-O Be7 6. Re1 b5 7. Bb3 d6 8. c3
O-O 9. h3 Nb8 10. d4 Nbd7 11. Nbd2 c5 12. Nf1 Qc7 13. Ng3 Re8 14. Nf5 Bf8 15.
a4 Bb7 16. Ng5 c4 17. Bc2 Nb6 18. a5 Nbd7 19. Ng3 Rad8 20. f4 Nb8 21. fxe5 dxe5
22. d5 h6 23. Nf3 Nbd7 24. Rf1 Nc5 25. Nh4 Ncd7 26. Nhf5 Kh7 27. Kh1 Rc8 28.
Qe2 Qd8 29. Qf3 g6 30. Ne3 Bg7 31. Ng4 Nxg4 32. Qxg4 Rf8 33. Be3 Nf6 34. Qe2
Nd7 35. Rf2 Nc5 36. Kh2 Qd6 37. Raf1 Rc7 38. Qg4 Bc8 39. Qe2 Re7 40. h4 Rc7 41.
h5 Qe7 42. hxg6+ fxg6 43. Rxf8 Bxf8 44. Qf2 Nd7 45. Bd1 Bg7 46. Rh1 Qf6 47. Qd2
Qh4+ 48. Kg1 Qf6 49. Bxh6 Bxh6 50. Rxh6+ Kg8 51. Nh5 Qf7 52. Qg5 Nf8 53. Nf6+
Kg7 54. Nh5+ Kg8 55. Qxe5 1-0

[Event "BPB Limburg open B"]
[Site "Maastricht"]
[Date "2015.05.24"]
[Round "5"]
[White "Bishoen, B."]
[Black "Van Dongen, Eric"]
[Result "1/2-1/2"]
[WhiteElo "1932"]
[BlackElo "1813"]
[PlyCount "70"]
[EventDate "2015.05.22"]
[EventType "swiss"]
[EventRounds "7"]
[EventCountry "NED"]
[Source "P.Boonen"]
[SourceDate "2015.10.01"]

1. c4 Nf6 2. Nf3 g6 3. b3 Bg7 4. Bb2 d6 5. g3 b6 6. Bg2 Bb7 7. O-O e5 8. d3 O-O
9. Nbd2 c5 10. a3 Qc7 11. b4 Nc6 12. b5 Nd4 13. e4 Ne8 14. Nxd4 cxd4 15. a4 Nf6
16. Nb3 Nd7 17. Qd2 Nc5 18. Nxc5 dxc5 19. Ra2 a5 20. Bc1 f5 21. f3 fxe4 22.
fxe4 Rxf1+ 23. Bxf1 Rf8 24. Qg2 Bc8 25. Rf2 Rxf2 26. Qxf2 Qf7 27. Be2 Qxf2+ 28.
Kxf2 Kf7 29. g4 h6 30. h4 Be6 31. Bd2 Bc8 32. Kg3 Ke7 33. Bf3 Kd6 34. Bg2 Bd7
35. Bh3 Kc7 1/2-1/2